000 01256nam a22003497a 4500
003 CHAP
005 20220329141123.0
008 971010s1984 r 00010 d
010 _a62921
011 _a63893
035 _a68547
040 _cCHAP
082 _a517
_bF7Y
100 0 0 _aFraleigh, John B.
_942866
245 _aCálculo con geometría analítica
260 _aMéxico, D.F. :
_bFondo Educativo Interamericano,
_c1984
300 _a880 p.
590 _aBATCH-UPD
_b10
_c20130110
_lUCH01
_h0922
590 _aBATCH-UPD
_b10
_c20130410
_lUCH01
_h0544
590 _aBATCH-UPD
_b10
_c20130914
_lUCH01
_h0951
590 _aCONVERSION
_b10
_c20130109
_lUCH01
_h1334
650 1 4 _aCálculo.
_923990
650 1 4 _aEcuaciones diferenciales.
_935306
650 1 4 _aGeometría analítica.
_947654
650 1 4 _aIntegrales.
_959502
901 _aBK
942 _cLIBRO
949 _a517 F7Y
_bBC
_cLIBRO
_d33724000804985
_eLIBRO
_fc.3
_gI. 127007
_h66547
_i68547
_so
_t32.00
949 _a517 F7Y
_bBC
_cLIBRO
_d33724000917720
_eLIBRO
_fc.4
_gI. 143154
_h73987
_i68547
_so
_t32.00
949 _a517 F7Y
_bBC
_cLIBRO
_d33724000917787
_eLIBRO
_gI. 127005
_h66545
_i68547
_so
_t32.00
949 _a517 F7Y
_bBC
_cLIBRO
_d33724000936308
_eLIBRO
_fc.2
_gI. 127006
_h66546
_i68547
_so
_t32.00
999 _c62921
_d62921